[Event "6. Torneo Distrito Chamartin 2017"]
[Site "Madrid ESP"]
[Date "2017.09.06"]
[Round "4.12"]
[White "Lopez de Turiso, Jose Angel"]
[Black "Alonso Abad, Enrique"]
[Result "1/2-1/2"]
[WhiteElo "2050"]
[BlackElo "1923"]
[PlyCount "57"]
[EventDate "2017.09.04"]
[EventType "swiss"]
[EventRounds "9"]
[EventCountry "ESP"]
[SourceTitle "Ajedrez en Madrid"]
[Source "lmi"]
[SourceDate "2017.09.04"]
[SourceVersion "1"]
[SourceVersionDate "2018.03.05"]
[SourceQuality "1"]

1. e4 e6 2. c4 d5 3. cxd5 exd5 4. exd5 Nf6 5. Bb5+ Nbd7 6. Nc3 Be7 7. Nf3 O-O
8. O-O Nb6 9. d4 Nbxd5 10. Ne5 c6 11. Bd3 Re8 12. Bg5 Be6 13. a3 h6 14. Bd2 Qb6
15. Nxd5 Nxd5 16. Bc3 Rad8 17. Qf3 Qc7 18. h3 Bg5 19. Rad1 Nf4 20. h4 Nxd3 21.
hxg5 Nxe5 22. dxe5 hxg5 23. Qe3 Rxd1 24. Rxd1 Rd8 25. Re1 g4 26. Qxa7 Rd3 27.
Qa8+ Kh7 28. Qa4 Qd7 29. Qf4 1/2-1/2

[Event "6. Torneo Distrito Chamartin 2017"]
[Site "Madrid ESP"]
[Date "2017.09.06"]
[Round "4.13"]
[White "Yingrui, Lin"]
[Black "Garcia Villalba, Daniel"]
[Result "1-0"]
[WhiteElo "2031"]
[BlackElo "1827"]
[PlyCount "67"]
[EventDate "2017.09.04"]
[EventType "swiss"]
[EventRounds "9"]
[EventCountry "ESP"]
[SourceTitle "Ajedrez en Madrid"]
[Source "lmi"]
[SourceDate "2017.09.04"]
[SourceVersion "1"]
[SourceVersionDate "2018.03.05"]
[SourceQuality "1"]

1. e4 e5 2. Nf3 Nc6 3. Bb5 a6 4. Ba4 Nf6 5. O-O Nxe4 6. d4 b5 7. Bb3 d5 8. dxe5
Be6 9. c3 Be7 10. Nbd2 Nc5 11. Bc2 d4 12. Nb3 d3 13. Nxc5 dxc2 14. Qxd8+ Rxd8
15. Nxe6 fxe6 16. Bf4 Rf8 17. Bg3 g5 18. h3 h5 19. Rac1 h4 20. Bh2 Rxf3 21.
gxf3 Rd2 22. b4 Bxb4 23. cxb4 Nxb4 24. f4 Nxa2 25. Ra1 Nc3 26. fxg5 b4 27. Kg2
Ne2 28. Kf3 b3 29. Ke3 Rd5 30. Kxe2 b2 31. Bf4 b1=Q 32. Raxb1 cxb1=Q 33. Rxb1
c5 34. g6 1-0

[Event "6. Torneo Distrito Chamartin 2017"]
[Site "Madrid ESP"]
[Date "2017.09.06"]
[Round "4.14"]
[White "Tarrio Ocaña, Jose Manuel"]
[Black "Bento Iglesias, Pablo"]
[Result "1-0"]
[WhiteElo "1869"]
[BlackElo "2029"]
[PlyCount "43"]
[EventDate "2017.09.04"]
[EventType "swiss"]
[EventRounds "9"]
[EventCountry "ESP"]
[SourceTitle "Ajedrez en Madrid"]
[Source "lmi"]
[SourceDate "2017.09.04"]
[SourceVersion "1"]
[SourceVersionDate "2018.03.05"]
[SourceQuality "1"]

1. e4 e6 2. d4 b6 3. Nf3 Bb7 4. Nc3 Bb4 5. Bd3 Nf6 6. Qe2 d5 7. exd5 Nxd5 8.
Bd2 Nxc3 9. bxc3 Bd6 10. O-O Nd7 11. Rfe1 O-O 12. Bg5 Bxf3 13. Qe3 f6 14. Qxe6+
Kh8 15. Qh3 g6 16. Bxg6 h5 17. Bxh5 fxg5 18. Bxf3+ Kg7 19. Bxa8 Rh8 20. Qf5
Bxh2+ 21. Kf1 Rf8 22. Qe6 1-0

[Event "6. Torneo Distrito Chamartin 2017"]
[Site "Madrid ESP"]
[Date "2017.09.06"]
[Round "4.15"]
[White "Martinez Aragon, Aitor"]
[Black "Cabañas Bravo, Juan Andres"]
[Result "1-0"]
[WhiteElo "1702"]
[BlackElo "2009"]
[PlyCount "33"]
[EventDate "2017.09.04"]
[EventType "swiss"]
[EventRounds "9"]
[EventCountry "ESP"]
[SourceTitle "Ajedrez en Madrid"]
[Source "lmi"]
[SourceDate "2017.09.04"]
[SourceVersion "1"]
[SourceVersionDate "2018.03.05"]
[SourceQuality "1"]

1. b3 e5 2. Bb2 Nc6 3. e3 d5 4. Bb5 Bd6 5. Nf3 Qe7 6. c4 dxc4 7. bxc4 Bd7 8.
Nc3 Nf6 9. O-O O-O 10. d4 exd4 11. exd4 Bg4 12. Re1 Qd8 13. Ne4 Ne8 14. Nxd6
Qxd6 15. d5 Bxf3 16. Qxf3 Ne7 17. Ba3 1-0

[Event "6. Torneo Distrito Chamartin 2017"]
[Site "Madrid ESP"]
[Date "2017.09.06"]
[Round "4.16"]
[White "Mkrtchyan, Levon"]
[Black "Santamaria Baeza, Adolfo"]
[Result "1-0"]
[WhiteElo "1964"]
[BlackElo "1796"]
[PlyCount "75"]
[EventDate "2017.09.04"]
[EventType "swiss"]
[EventRounds "9"]
[EventCountry "ESP"]
[SourceTitle "Ajedrez en Madrid"]
[Source "lmi"]
[SourceDate "2017.09.04"]
[SourceVersion "1"]
[SourceVersionDate "2018.03.05"]
[SourceQuality "1"]

1. e4 e5 2. Nf3 Nc6 3. d4 d6 4. Bb5 exd4 5. Nxd4 Bd7 6. Bxc6 bxc6 7. O-O g6 8.
Nc3 Bg7 9. f4 c5 10. Nf3 Ne7 11. e5 Bc6 12. Re1 O-O 13. Be3 Rb8 14. Rb1 Re8 15.
Bf2 Nf5 16. a3 a6 17. Ne4 Bxe4 18. Rxe4 d5 19. Ra4 d4 20. Rxa6 Qd5 21. b3 Qe4
22. g3 Red8 23. Qd3 Qb7 24. Ra4 h6 25. Nd2 Qd5 26. Ne4 Rb6 27. Rd1 f6 28. Ra5
fxe5 29. Rxc5 Qa8 30. fxe5 Qxa3 31. g4 Ne7 32. Qc4+ Kh8 33. Qf7 Bf8 34. Rxd4
Rxd4 35. Qxf8+ Ng8 36. Bxd4 Qc1+ 37. Qf1 Qxf1+ 38. Kxf1 1-0

[Event "6. Torneo Distrito Chamartin 2017"]
[Site "Madrid ESP"]
[Date "2017.09.06"]
[Round "4.18"]
[White "Lizon Martinez, Santiago"]
[Black "Elissalt Cardenas, Hector"]
[Result "0-1"]
[WhiteElo "1750"]
[BlackElo "2360"]
[PlyCount "50"]
[EventDate "2017.09.04"]
[EventType "swiss"]
[EventRounds "9"]
[EventCountry "ESP"]
[SourceTitle "Ajedrez en Madrid"]
[Source "lmi"]
[SourceDate "2017.09.04"]
[SourceVersion "1"]
[SourceVersionDate "2018.03.05"]
[SourceQuality "1"]

1. e4 d6 2. d4 Nf6 3. Bd3 e5 4. c3 Nc6 5. Ne2 g6 6. O-O Bg7 7. Na3 O-O 8. Nc2
Re8 9. Ng3 d5 10. exd5 Nxd5 11. dxe5 Nxe5 12. Be4 Nf6 13. Qxd8 Rxd8 14. Bg5 h6
15. Bxf6 Bxf6 16. Rad1 c6 17. Ne3 Be6 18. b3 Nd7 19. Ne2 Nc5 20. Bc2 a5 21. Nd4
Bxd4 22. cxd4 Na6 23. a3 Nc7 24. Rfe1 Nb5 25. Nc4 Nxd4 0-1

[Event "6. Torneo Distrito Chamartin 2017"]
[Site "Madrid ESP"]
[Date "2017.09.06"]
[Round "4.19"]
[White "Roa Alonso, Santiago"]
[Black "Callejo Hernanz, Jesus Maria"]
[Result "1-0"]
[WhiteElo "2356"]
[BlackElo "1820"]
[PlyCount "69"]
[EventDate "2017.09.04"]
[EventType "swiss"]
[EventRounds "9"]
[EventCountry "ESP"]
[SourceTitle "Ajedrez en Madrid"]
[Source "lmi"]
[SourceDate "2017.09.04"]
[SourceVersion "1"]
[SourceVersionDate "2018.03.05"]
[SourceQuality "1"]

1. e4 e6 2. d4 d5 3. Nc3 Nf6 4. e5 Nfd7 5. f4 c5 6. Nf3 Nc6 7. Be3 cxd4 8. Nxd4
Bc5 9. Qd2 O-O 10. O-O-O a6 11. h4 Nxd4 12. Bxd4 b5 13. h5 Bb7 14. Ne2 Rc8 15.
Kb1 Qc7 16. Bxc5 Nxc5 17. Nd4 Ne4 18. Qe3 Qe7 19. Bd3 f6 20. Nf3 Qb4 21. exf6
Rxf6 22. Ka1 Nd6 23. Ng5 Nc4 24. Bxh7+ Kh8 25. Qc1 Rxf4 26. h6 Rf2 27. hxg7+
Kxg7 28. Nxe6+ Kf7 29. Rdf1 Rxf1 30. Rxf1+ Ke8 31. c3 Qe7 32. Bg6+ Kd7 33. Rf7
Kxe6 34. Qe1+ Ne5 35. Rxe7+ 1-0

[Event "6. Torneo Distrito Chamartin 2017"]
[Site "Madrid ESP"]
[Date "2017.09.06"]
[Round "4.20"]
[White "Longa Yauca, Javier"]
[Black "Picazo Sancho, Alvaro"]
[Result "1/2-1/2"]
[WhiteElo "2261"]
[BlackElo "1772"]
[PlyCount "28"]
[EventDate "2017.09.04"]
[EventType "swiss"]
[EventRounds "9"]
[EventCountry "ESP"]
[SourceTitle "Ajedrez en Madrid"]
[Source "lmi"]
[SourceDate "2017.09.04"]
[SourceVersion "1"]
[SourceVersionDate "2018.03.05"]
[SourceQuality "1"]

1. d4 g6 2. e4 d6 3. Be3 Bg7 4. Ne2 Nf6 5. f3 O-O 6. c3 b6 7. b4 Bb7 8. Ng3 e5
9. d5 c6 10. c4 cxd5 11. cxd5 Na6 12. Nc3 Nc7 13. Qd2 Nd7 14. h4 a6 1/2-1/2

[Event "6. Torneo Distrito Chamartin 2017"]
[Site "Madrid ESP"]
[Date "2017.09.06"]
[Round "4.22"]
[White "Rottenwoerer, Christoph"]
[Black "Gonzalez Aguirre, Luis"]
[Result "0-1"]
[WhiteElo "1691"]
[BlackElo "2119"]
[PlyCount "64"]
[EventDate "2017.09.04"]
[EventType "swiss"]
[EventRounds "9"]
[EventCountry "ESP"]
[SourceTitle "Ajedrez en Madrid"]
[Source "lmi"]
[SourceDate "2017.09.04"]
[SourceVersion "1"]
[SourceVersionDate "2018.03.05"]
[SourceQuality "1"]

1. d4 d5 2. Bf4 Nf6 3. e3 c5 4. c3 Nc6 5. Nd2 cxd4 6. exd4 Bf5 7. Ngf3 e6 8.
Be2 Bd6 9. Ne5 Qc7 10. g4 Bg6 11. h4 Nd7 12. h5 f6 13. hxg6 fxe5 14. Rxh7 O-O-O
15. Bg5 Rdg8 16. Nf3 e4 17. Ne5 Ndxe5 18. dxe5 Nxe5 19. Qa4 Nxg6 20. Rxh8 Rxh8
21. O-O-O Bf4+ 22. Bxf4 Qxf4+ 23. Kb1 Qxf2 24. Bb5 Rh2 25. Qb3 e3 26. Bd7+ Kxd7
27. Rxd5+ exd5 28. Qxd5+ Ke7 29. Qxb7+ Kf6 30. Qc6+ Kg5 31. Qd5+ Kh6 32. g5+
Kh7 0-1

[Event "6. Torneo Distrito Chamartin 2017"]
[Site "Madrid ESP"]
[Date "2017.09.06"]
[Round "4.23"]
[White "Gomez Ferrer, Jesus"]
[Black "Gomez Gonzalez, Jose Antonio"]
[Result "1-0"]
[WhiteElo "2035"]
[BlackElo "1692"]
[PlyCount "47"]
[EventDate "2017.09.04"]
[EventType "swiss"]
[EventRounds "9"]
[EventCountry "ESP"]
[SourceTitle "Ajedrez en Madrid"]
[Source "lmi"]
[SourceDate "2017.09.04"]
[SourceVersion "1"]
[SourceVersionDate "2018.03.05"]
[SourceQuality "1"]

1. e4 e5 2. Nf3 Nc6 3. Bb5 a6 4. Ba4 Nf6 5. O-O b5 6. Bb3 d6 7. Ng5 d5 8. exd5
Nd4 9. d6 Nxb3 10. dxc7 Qxc7 11. axb3 Bg4 12. Qe1 h6 13. Ne4 Qxc2 14. Nxf6+
gxf6 15. Nc3 Rg8 16. Qe3 Qg6 17. g3 Bd7 18. Qf3 Ra7 19. d4 exd4 20. Re1+ Be7
21. Nd5 Be6 22. Nxe7 Kxe7 23. Qd5 Rd8 24. Qc5+ 1-0

[Event "6. Torneo Distrito Chamartin 2017"]
[Site "Madrid ESP"]
[Date "2017.09.06"]
[Round "4.24"]
[White "Porras Fernandez, Alberto"]
[Black "Barragan Panal, Juan Jose"]
[Result "1-0"]
[WhiteElo "1959"]
[BlackElo "1683"]
[PlyCount "163"]
[EventDate "2017.09.04"]
[EventType "swiss"]
[EventRounds "9"]
[EventCountry "ESP"]
[SourceTitle "Ajedrez en Madrid"]
[Source "lmi"]
[SourceDate "2017.09.04"]
[SourceVersion "1"]
[SourceVersionDate "2018.03.05"]
[SourceQuality "1"]

1. e4 c6 2. d4 d5 3. Nc3 dxe4 4. Nxe4 Bf5 5. Ng3 Bg6 6. h4 h6 7. N1e2 Nf6 8.
Nf4 Bh7 9. Bc4 Nd5 10. c3 e6 11. Qe2 Nxf4 12. Bxf4 Be7 13. Nh5 Rg8 14. Be5 Bf6
15. O-O-O Qe7 16. g3 Nd7 17. Bc7 Nb6 18. Bxb6 axb6 19. Nxf6+ gxf6 20. Rhe1 b5
21. Bb3 O-O-O 22. d5 e5 23. dxc6 bxc6 24. a4 Qb7 25. Qf3 c5 26. Qxb7+ Kxb7 27.
axb5 Bd3 28. Bxf7 Rgf8 29. Bh5 Bxb5 30. Bf3+ Kc7 31. Be2 Ba4 32. Rxd8 Rxd8 33.
Bc4 Bc6 34. Rd1 Ra8 35. Kc2 Be4+ 36. Bd3 Bc6 37. Bf5 Ba4+ 38. b3 Bc6 39. Kb2
Rb8 40. Be6 Re8 41. Bc4 Rb8 42. Kc2 Ra8 43. Kb2 Re8 44. Rd2 Rb8 45. Bf7 Rf8 46.
Bg6 Rb8 47. Bc2 Re8 48. c4 Rb8 49. Bf5 Re8 50. Rd3 Rb8 51. Be6 Re8 52. Bd5 Bd7
53. Kc3 Rb8 54. Rd1 Rb6 55. Ra1 Bc6 56. Bxc6 Rxc6 57. Ra7+ Kb6 58. Rh7 f5 59.
Rf7 f4 60. gxf4 exf4 61. Rxf4 h5 62. Rf5 Rh6 63. f4 Kc6 64. Rg5 Kd6 65. b4
cxb4+ 66. Kxb4 Rh8 67. c5+ Kc6 68. Kc4 Rf8 69. f5 Ra8 70. Rg6+ Kc7 71. Kb5 Rb8+
72. Rb6 Rf8 73. f6 Rf7 74. Re6 Rf8 75. c6 Rb8+ 76. Kc5 Rf8 77. Re7+ Kd8 78. c7+
Kc8 79. f7 Kb7 80. Kd6 Ra8 81. Re8 Ra6+ 82. Ke7 1-0

[Event "6. Torneo Distrito Chamartin 2017"]
[Site "Madrid ESP"]
[Date "2017.09.06"]
[Round "4.25"]
[White "Rodriguez Bachiller, Luis"]
[Black "Cardena Contreras, Javier"]
[Result "0-1"]
[WhiteElo "1646"]
[BlackElo "1925"]
[PlyCount "96"]
[EventDate "2017.09.04"]
[EventType "swiss"]
[EventRounds "9"]
[EventCountry "ESP"]
[SourceTitle "Ajedrez en Madrid"]
[Source "lmi"]
[SourceDate "2017.09.04"]
[SourceVersion "1"]
[SourceVersionDate "2018.03.05"]
[SourceQuality "1"]

1. e4 c5 2. Nf3 Nc6 3. d4 cxd4 4. Nxd4 g6 5. Be3 Bg7 6. Bc4 Nf6 7. f3 O-O 8. c3
d5 9. exd5 Nxd5 10. Nxc6 bxc6 11. Bd4 e5 12. Bc5 Qh4+ 13. g3 Qxc4 14. Bxf8 Bxf8
15. Nd2 Qd3 16. Qe2 Ba6 17. Qxd3 Bxd3 18. Ne4 f5 19. Nf2 Ba6 20. O-O-O Be2 21.
Rxd5 cxd5 22. Re1 Bxf3 23. Rxe5 Kf7 24. Kd2 Re8 25. Rxe8 Kxe8 26. Kd3 Be4+ 27.
Kd4 Bd6 28. c4 Bc7 29. c5 Kd7 30. Nd1 Ke6 31. b4 Be5+ 32. Ke3 d4+ 33. Ke2 Kd5
34. Nf2 d3+ 35. Nxd3 Bxd3+ 36. Kxd3 a6 37. a4 h6 38. c6 Kxc6 39. Kc4 g5 40. b5+
axb5+ 41. axb5+ Kd6 42. Kd3 Kc5 43. Ke2 Kxb5 44. Kf3 Kc4 45. h3 Bxg3 46. Kxg3
f4+ 47. Kf3 Kd3 48. h4 Kd4 0-1

[Event "6. Torneo Distrito Chamartin 2017"]
[Site "Madrid ESP"]
[Date "2017.09.06"]
[Round "4.26"]
[White "Barragan Arriaza, Pablo"]
[Black "Martinez Pintor, Juan"]
[Result "1-0"]
[WhiteElo "1908"]
[BlackElo "1661"]
[PlyCount "39"]
[EventDate "2017.09.04"]
[EventType "swiss"]
[EventRounds "9"]
[EventCountry "ESP"]
[SourceTitle "Ajedrez en Madrid"]
[Source "lmi"]
[SourceDate "2017.09.04"]
[SourceVersion "1"]
[SourceVersionDate "2018.03.05"]
[SourceQuality "1"]

1. c4 c6 2. Nf3 Nf6 3. g3 d5 4. b3 Bf5 5. Bg2 e6 6. O-O h6 7. Bb2 Nbd7 8. d3
Bc5 9. Nbd2 O-O 10. Qc2 dxc4 11. bxc4 Bg6 12. e4 b5 13. Nh4 e5 14. Nxg6 fxg6
15. Nf3 Qc7 16. cxb5 cxb5 17. Rac1 Qb6 18. Nxe5 Nxe5 19. Bxe5 Ng4 20. Qxc5 1-0

[Event "6. Torneo Distrito Chamartin 2017"]
[Site "Madrid ESP"]
[Date "2017.09.06"]
[Round "4.27"]
[White "Viñas Lopez, Carlos"]
[Black "Siu Burillo, Joaquin"]
[Result "1-0"]
[WhiteElo "1894"]
[BlackElo "1542"]
[PlyCount "47"]
[EventDate "2017.09.04"]
[EventType "swiss"]
[EventRounds "9"]
[EventCountry "ESP"]
[SourceTitle "Ajedrez en Madrid"]
[Source "lmi"]
[SourceDate "2017.09.04"]
[SourceVersion "1"]
[SourceVersionDate "2018.03.05"]
[SourceQuality "1"]

1. d4 Nf6 2. Bg5 e6 3. e4 Be7 4. Nd2 h6 5. Bh4 d6 6. Bd3 c6 7. c3 e5 8. dxe5
dxe5 9. Nc4 Qc7 10. Bg3 Bd6 11. Bc2 Ke7 12. Nxd6 Qxd6 13. Nf3 Qxd1+ 14. Rxd1
Bg4 15. Bxe5 Bxf3 16. gxf3 Ne8 17. Ke2 c5 18. Ba4 f6 19. Bxb8 Rxb8 20. Rd7+ Ke6
21. Rhd1 a6 22. Bb3+ Ke5 23. R7d5+ Kf4 24. Rf5# 1-0

[Event "6. Torneo Distrito Chamartin 2017"]
[Site "Madrid ESP"]
[Date "2017.09.06"]
[Round "4.28"]
[White "Ferrando Marti, Roberto"]
[Black "Garcia Serrano, Jose Manuel"]
[Result "0-1"]
[WhiteElo "1552"]
[BlackElo "1843"]
[PlyCount "42"]
[EventDate "2017.09.04"]
[EventType "swiss"]
[EventRounds "9"]
[EventCountry "ESP"]
[SourceTitle "Ajedrez en Madrid"]
[Source "lmi"]
[SourceDate "2017.09.04"]
[SourceVersion "1"]
[SourceVersionDate "2018.03.05"]
[SourceQuality "1"]

1. e4 e5 2. Nf3 Nc6 3. Bc4 Nf6 4. d3 h6 5. O-O Bc5 6. h3 Bb6 7. Re1 d6 8. Nc3
g5 9. Nh2 Rg8 10. Nd5 h5 11. Nxf6+ Qxf6 12. Be3 g4 13. hxg4 hxg4 14. Bxb6 cxb6
15. Bb5 Qh4 16. Bxc6+ bxc6 17. f3 g3 18. Ng4 Rxg4 19. c3 Qh2+ 20. Kf1 Qh1+ 21.
Ke2 Qxg2+ 0-1

[Event "6. Torneo Distrito Chamartin 2017"]
[Site "Madrid ESP"]
[Date "2017.09.06"]
[Round "4.30"]
[White "Perez Cameselle, Francisco Jose"]
[Black "Algaba Traspuesto, Jose Antonio"]
[Result "1-0"]
[WhiteElo "1789"]
[BlackElo "1566"]
[PlyCount "67"]
[EventDate "2017.09.04"]
[EventType "swiss"]
[EventRounds "9"]
[EventCountry "ESP"]
[SourceTitle "Ajedrez en Madrid"]
[Source "lmi"]
[SourceDate "2017.09.04"]
[SourceVersion "1"]
[SourceVersionDate "2018.03.05"]
[SourceQuality "1"]

1. d4 Nf6 2. c4 e5 3. dxe5 Ng4 4. Nf3 Bc5 5. e3 Nc6 6. Be2 Ngxe5 7. Nxe5 Nxe5
8. O-O O-O 9. Nc3 a5 10. b3 d6 11. Bb2 Bd7 12. Qd2 Bc6 13. Nd5 Qd7 14. Rad1
Rad8 15. Bc3 Bxd5 16. cxd5 a4 17. b4 Ba7 18. Bd4 Ra8 19. a3 b5 20. Rc1 Rfc8 21.
f4 Ng4 22. Rc6 Bxd4 23. Qxd4 Rab8 24. Rfc1 f5 25. Bxg4 fxg4 26. Qc3 Rb7 27. e4
Qe7 28. e5 dxe5 29. Qxe5 Re8 30. Re6 c6 31. Rcxc6 Rd7 32. f5 Kf8 33. Rxe7 Rdxe7
34. Re6 1-0

[Event "6. Torneo Distrito Chamartin 2017"]
[Site "Madrid ESP"]
[Date "2017.09.06"]
[Round "4.31"]
[White "Cupeiro Fernandez, Manuel"]
[Black "Calvo De Castro, Miguel"]
[Result "0-1"]
[WhiteElo "1527"]
[BlackElo "1836"]
[PlyCount "58"]
[EventDate "2017.09.04"]
[EventType "swiss"]
[EventRounds "9"]
[EventCountry "ESP"]
[SourceTitle "Ajedrez en Madrid"]
[Source "lmi"]
[SourceDate "2017.09.04"]
[SourceVersion "1"]
[SourceVersionDate "2018.03.05"]
[SourceQuality "1"]

1. e4 c5 2. Nf3 Nc6 3. d4 cxd4 4. Nxd4 g6 5. c3 Bg7 6. Nb3 Nf6 7. Bd3 d5 8.
exd5 Qxd5 9. O-O O-O 10. Be3 Rd8 11. Bc2 Qe5 12. Qc1 b6 13. Bf4 Qh5 14. N1d2
Bb7 15. Ne4 Nxe4 16. Bxe4 Nd4 17. Qe3 Bxe4 18. Nxd4 Bxg2 19. Kxg2 e5 20. Nc6
exf4 21. Qxf4 Rd3 22. f3 Bh6 23. Qg4 Rd2+ 24. Rf2 Rxf2+ 25. Kxf2 Qxh2+ 26. Kf1
Qxb2 27. Ne7+ Kf8 28. Re1 Re8 29. Nxg6+ hxg6 0-1

[Event "6. Torneo Distrito Chamartin 2017"]
[Site "Madrid ESP"]
[Date "2017.09.06"]
[Round "4.32"]
[White "Martinez Miura, Enrique"]
[Black "Gallego Romero, Manuel"]
[Result "1-0"]
[WhiteElo "1684"]
[BlackElo "1475"]
[PlyCount "59"]
[EventDate "2017.09.04"]
[EventType "swiss"]
[EventRounds "9"]
[EventCountry "ESP"]
[SourceTitle "Ajedrez en Madrid"]
[Source "lmi"]
[SourceDate "2017.09.04"]
[SourceVersion "1"]
[SourceVersionDate "2018.03.05"]
[SourceQuality "1"]

1. e4 e5 2. Nf3 Nc6 3. Bb5 a6 4. Ba4 b5 5. Bb3 d6 6. h3 h6 7. c3 Nf6 8. Bc2 Be7
9. O-O O-O 10. d4 exd4 11. cxd4 Re8 12. Re1 Bd7 13. Bf4 Qc8 14. Kh2 Nd8 15. e5
Nh7 16. Qd3 Nf8 17. Nc3 Nde6 18. Bg3 dxe5 19. Nxe5 Bd6 20. Rac1 Bxe5 21. Bxe5
c6 22. Ne4 Nc5 23. Nxc5 Be6 24. Qg3 Ng6 25. Bxg6 fxg6 26. Qxg6 Ra7 27. Ne4 Rf8
28. Nf6+ Rxf6 29. Bxf6 Bf5 30. Re8+ 1-0

[Event "6. Torneo Distrito Chamartin 2017"]
[Site "Madrid ESP"]
[Date "2017.09.06"]
[Round "4.33"]
[White "Picazo Sancho, Carolina"]
[Black "Serrera Sanchez Romo, Sergio"]
[Result "1/2-1/2"]
[WhiteElo "1486"]
[BlackElo "1684"]
[PlyCount "77"]
[EventDate "2017.09.04"]
[EventType "swiss"]
[EventRounds "9"]
[EventCountry "ESP"]
[SourceTitle "Ajedrez en Madrid"]
[Source "lmi"]
[SourceDate "2017.09.04"]
[SourceVersion "1"]
[SourceVersionDate "2018.03.05"]
[SourceQuality "1"]

1. e4 c5 2. Nf3 d6 3. d4 cxd4 4. Nxd4 Nf6 5. Nc3 a6 6. Be2 e6 7. a3 Be7 8. Be3
O-O 9. O-O Qc7 10. Kh1 Nc6 11. f4 Bd7 12. Nxc6 Bxc6 13. Bd3 Rfd8 14. Qe1 d5 15.
exd5 Nxd5 16. Nxd5 Bxd5 17. Qf2 Rdc8 18. Bd4 Bc5 19. Bxc5 Qxc5 20. Qxc5 Rxc5
21. Kg1 g6 22. Rad1 Rd8 23. Be4 Kf8 24. Rfe1 Rcc8 25. g3 Bxe4 26. Rxd8+ Rxd8
27. Rxe4 Rc8 28. c3 Ke7 29. Rd4 Rd8 30. Rxd8 Kxd8 31. Kf2 Kd7 32. Ke3 Kc6 33.
Kd4 f6 34. b3 Kd6 35. g4 h6 36. h4 b6 37. a4 Kc6 38. Kc4 Kd6 39. Kd4 1/2-1/2

[Event "6. Torneo Distrito Chamartin 2017"]
[Site "Madrid ESP"]
[Date "2017.09.06"]
[Round "4.34"]
[White "Enriquez Pastor, Jorge"]
[Black "Diaz Begonte, Manuel"]
[Result "0-1"]
[WhiteElo "1472"]
[BlackElo "1680"]
[PlyCount "100"]
[EventDate "2017.09.04"]
[EventType "swiss"]
[EventRounds "9"]
[EventCountry "ESP"]
[SourceTitle "Ajedrez en Madrid"]
[Source "lmi"]
[SourceDate "2017.09.04"]
[SourceVersion "1"]
[SourceVersionDate "2018.03.05"]
[SourceQuality "1"]

1. e4 d5 2. exd5 Nf6 3. d4 Nxd5 4. Bc4 c6 5. Nf3 g6 6. O-O Bg7 7. c3 O-O 8. h3
Nd7 9. Re1 N7f6 10. Bg5 Bf5 11. Bd3 Bxd3 12. Qxd3 Qd6 13. Nbd2 Rfe8 14. Nc4 Qc7
15. Qd2 Nh5 16. Re4 b5 17. Na3 f6 18. Bh6 Rad8 19. Bxg7 Kxg7 20. Rh4 Ndf4 21.
g3 g5 22. gxf4 gxh4 23. Nxh4 Qxf4 24. Qxf4 Nxf4 25. Kh2 Ng6 26. Rg1 Rd5 27. f4
Kf7 28. Ng2 e6 29. Ne3 Rh5 30. Rf1 Ne7 31. c4 Rd8 32. Nac2 Nf5 33. cxb5 cxb5
34. d5 exd5 35. Nxf5 Rxf5 36. Nd4 Rh5 37. f5 a6 38. Rc1 Rd7 39. Rc6 Rh4 40. Ne6
Rc4 41. Rxa6 Rc2+ 42. Kg3 d4 43. b4 d3 44. Nc5 Rxc5 45. bxc5 d2 46. c6 Rd3+ 47.
Kh4 d1=Q 48. Ra7+ Ke8 49. Ra8+ Rd8 50. Ra7 Qd4+ 0-1

[Event "6. Torneo Distrito Chamartin 2017"]
[Site "Madrid ESP"]
[Date "2017.09.06"]
[Round "4.35"]
[White "Juzgado Niella, Angel Luis"]
[Black "Sanchez Lucena, Juan"]
[Result "1/2-1/2"]
[WhiteElo "1620"]
[BlackElo "1449"]
[PlyCount "120"]
[EventDate "2017.09.04"]
[EventType "swiss"]
[EventRounds "9"]
[EventCountry "ESP"]
[SourceTitle "Ajedrez en Madrid"]
[Source "lmi"]
[SourceDate "2017.09.04"]
[SourceVersion "1"]
[SourceVersionDate "2018.03.05"]
[SourceQuality "1"]

1. e4 e6 2. d4 d5 3. e5 Nc6 4. Nf3 Nge7 5. c3 Ng6 6. Bb5 Bd7 7. Be3 Ncxe5 8.
Nxe5 Nxe5 9. Qb3 Nc6 10. O-O a6 11. Bd3 Bd6 12. Nd2 Na5 13. Qc2 g6 14. Nf3 Nc4
15. Bh6 Bf8 16. Bxf8 Rxf8 17. b3 Nb6 18. Rfe1 f6 19. Qd2 Qe7 20. c4 c6 21. c5
Nc8 22. Qb4 b5 23. Qd2 Qf7 24. Re2 Ne7 25. Rae1 Qg7 26. Qa5 Kf7 27. Qc7 Rfd8
28. Qd6 Nc8 29. Qc7 Ne7 30. Qd6 Nc8 31. Qf4 Kg8 32. Re3 Qf7 33. Nd2 Ne7 34. Qg3
Kh8 35. f4 Rg8 36. Qf2 Nf5 37. Bxf5 gxf5 38. Nf3 Rae8 39. g3 Qg6 40. Nh4 Qg4
41. Kf1 Qh3+ 42. Ke2 Qg4+ 43. Kd2 Re7 44. Qe2 Rge8 45. Qd3 e5 46. fxe5 fxe5 47.
Rxe5 Rxe5 48. Rxe5 Rxe5 49. dxe5 Qb4+ 50. Qc3 Qxc3+ 51. Kxc3 a5 52. Nf3 b4+ 53.
Kb2 Kg7 54. a3 Kg6 55. axb4 axb4 56. Kc2 f4 57. Kd2 fxg3 58. hxg3 Kf5 59. Ke3
Kg4 60. Kf2 Kf5 1/2-1/2

[Event "6. Torneo Distrito Chamartin 2017"]
[Site "Madrid ESP"]
[Date "2017.09.06"]
[Round "4.36"]
[White "Di Pietro Moreno, Fatima"]
[Black "De la Aldea Martin, Alvaro"]
[Result "0-1"]
[WhiteElo "1403"]
[BlackElo "1605"]
[PlyCount "62"]
[EventDate "2017.09.04"]
[EventType "swiss"]
[EventRounds "9"]
[EventCountry "ESP"]
[SourceTitle "Ajedrez en Madrid"]
[Source "lmi"]
[SourceDate "2017.09.04"]
[SourceVersion "1"]
[SourceVersionDate "2018.03.05"]
[SourceQuality "1"]

1. d4 Nf6 2. Bf4 g6 3. Nf3 Bg7 4. e3 d6 5. h3 O-O 6. Be2 Nbd7 7. c4 c5 8. Nc3
cxd4 9. exd4 Nh5 10. Bh2 Nb6 11. O-O Nf6 12. d5 Bf5 13. Nh4 Bd7 14. Qd2 Rc8 15.
b3 h6 16. Nf3 Bf5 17. Rac1 g5 18. Ne1 Nbd7 19. f4 g4 20. hxg4 Qb6+ 21. Kh1 Bxg4
22. Bg1 Qd8 23. Be3 Nc5 24. Bxg4 Nxg4 25. Bg1 f5 26. Nf3 Qe8 27. g3 Qh5+ 28.
Nh2 Bxc3 29. Qxc3 Ne4 30. Qe1 Qh3 31. Qe2 Nxg3# 0-1